Haikyu!! Character Quiz - Statistics

General Stats
  • This quiz has been taken 28 times
  • The average score is 34 of 100
Answer Stats
Picture Hint Answer % Correct
Ryūnosuke Tanaka
88%
Keishin Ukai
80%
Kenma Kozume
76%
Kiyoko Shimizu
72%
Shōyō Hinata
72%
Tobio Kageyama
72%
Asahi Azumane
68%
Atsumu Miya
68%
Daichi Sawamura
68%
Kei Tsukishima
68%
Kōshi Sugawara
68%
Yū Nishinoya
68%
Kōtarō Bokuto
64%
Lev Haiba
64%
Osamu Miya
64%
Tadashi Yamaguchi
64%
Tetsurō Kuroo
64%
Tōru Oikawa
64%
Wakatoshi Ushijima
64%
Hajime Iwaizumi
60%
Keiji Akaashi
60%
Kiyoomi Sakusa
60%
Yasufumi Nekomata
60%
Ikkei Ukai
56%
Morisuke Yaku
56%
Rintarō Suna
56%
Satori Tendō
56%
Takanobu Aone
56%
Alisa Haiba
52%
Chikara Ennoshita
52%
Eita Semi
52%
Hitoka Yachi
52%
Shinsuke Kita
52%
Aran Ojiro
48%
Issei Matsukawa
48%
Ittetsu Takeda
48%
Kentarō Kyōtani
48%
Taketora Yamamoto
48%
Kōrai Hoshiumi
44%
Tsutomu Goshiki
44%
Yūji Terushima
44%
Hisashi Kinoshita
40%
Kenjirō Shirabu
40%
Natsu Hinata
40%
Saeko Tanaka
40%
Position not name Vice Principal
40%
Akira Kunimi
36%
Kazuhito Narita
36%
Yūtarō Kindaichi
36%
Akane Yamamoto
32%
Akinori Konoha
32%
Akiteru Tsukishima
32%
Sō Inuoka
32%
Kanji Koganegawa
28%
Shigeru Yahaba
28%
Shinji Watari
28%
Shōhei Fukunaga
28%
Takahiro Hanamaki
28%
Kenji Futakuchi
24%
Madoka Yachi
24%
Nobuyuki Kai
24%
Reon Ōhira
24%
Tatsuki Washio
20%
Yui Michimiya
20%
Haruki Komi
16%
Makoto Shimada
16%
Michinari Akagi
12%
Taichi Kawanishi
12%
Tamahiko Teshiro
12%
Tanji Washijō
12%
Yamato Sarukui
12%
Yūdai Hyakuzawa
12%
Yūki Shibayama
12%
Hayato Ikejiri
8%
Hayato Yamagata
8%
Kaname Moniwa
8%
Nobuteru Irihata
8%
Takehito Sasaya
8%
Yūsuke Takinoue
8%
Hana Misaki
4%
Heisuke Riseki
4%
Hitoshi Ginjima
4%
Jingo Fukiage
4%
Kanoka Amanai
4%
Kazuki Maruyama
4%
Kōsuke Sakunami
4%
Motoki Teradomari
4%
Tarō Onagawa
4%
Wataru Onaga
4%
Yasushi Kamasaki
4%
Yoshiki Towada
4%
Yutaka Obara
4%
Kai Akakura
0%
Noboru Akimiya
0%
Sakae Echigo
0%
Takeru Nakashima
0%
Tōgo Iwamuro
0%
Yoshiharu Haga
0%
Yukinari Mori
0%
Yūshō Sagae
0%
No matching quizzes found
Score Distribution
Percent of People with Each Score
Percentile by Number Answered
Your Score History
You have not taken this quiz